Normal view
MARC view
Entry Personal Name
001 - CONTROL NUMBER
- control field: 7028
003 - CONTROL NUMBER IDENTIFIER
- control field: OSt
005 - DATE AND TIME OF LATEST TRANSACTION
- control field: 20160302170753.0
008 - FIXED-LENGTH DATA ELEMENTS
- fixed length control field: 160302|| aca||aabn | a|a d
040 ## - CATALOGING SOURCE
- Original cataloging agency: OSt
- Transcribing agency: OSt
100 ## - HEADING--PERSONAL NAME
- Personal name: Muhumuza, William
670 ## - SOURCE DATA FOUND
- Source citation: Work cat.: (OSt): Muhumuza, William, Credit and the reduction of poverty in Uganda :, 2007
